Strong in the rain : selected poems

This book is a collection of Kenji Miyazawa's poetry. Kenji Miyazawa (1896-1933) is now widely viewed as Japan's greatest poet of the 20th century. Strong in the Rain - the title poem of this selection - is now arguably the most memorized and quoted modern poem in Japan

Đã lưu trong:
書目詳細資料
主要作者: Miyazawa, Kenji
格式: 圖書
語言:Undetermined
出版: Tarset Bloodaxe 2007
主題:
標簽: 添加標簽
沒有標簽, 成為第一個標記此記錄!
Thư viện lưu trữ: Trung tâm Học liệu Trường Đại học Cần Thơ
LEADER 00896nam a2200229Ia 4500
001 CTU_139965
008 210402s9999 xx 000 0 und d
020 |c 19.72 
082 |a 895.6144 
082 |b M618 
100 |a Miyazawa, Kenji 
245 0 |a Strong in the rain : 
245 0 |b selected poems 
245 0 |c Kenji Miyazawa ; translated by Roger Pulvers 
260 |a Tarset 
260 |b Bloodaxe 
260 |c 2007 
520 |a This book is a collection of Kenji Miyazawa's poetry. Kenji Miyazawa (1896-1933) is now widely viewed as Japan's greatest poet of the 20th century. Strong in the Rain - the title poem of this selection - is now arguably the most memorized and quoted modern poem in Japan 
650 |a Japanese poetry,Thơ Nhật Bản 
650 |y 20th century,Thế kỷ 20 
904 |i Huỳnh Mai 
980 |a Trung tâm Học liệu Trường Đại học Cần Thơ